<?xml version="1.0" encoding="UTF-8"?>
<record
    xmlns:xsi="http://www.w3.org/2001/XMLSchema-instance"
    xsi:schemaLocation="http://www.loc.gov/MARC21/slim http://www.loc.gov/standards/marcxml/schema/MARC21slim.xsd"
    xmlns="http://www.loc.gov/MARC21/slim">

  <leader>01149nam a22003377a 4500</leader>
  <controlfield tag="001">0020</controlfield>
  <controlfield tag="003">DO-SdBNP</controlfield>
  <controlfield tag="005">20180223142438.0</controlfield>
  <controlfield tag="007">0020</controlfield>
  <controlfield tag="008">150928b2003 co    ac       spa d</controlfield>
  <datafield tag="020" ind1=" " ind2=" ">
    <subfield code="a">9589308821 (v. 1)</subfield>
  </datafield>
  <datafield tag="020" ind1=" " ind2=" ">
    <subfield code="a">95893083X (v. 2)</subfield>
  </datafield>
  <datafield tag="020" ind1=" " ind2=" ">
    <subfield code="a">9589308408 (v. 3)</subfield>
  </datafield>
  <datafield tag="040" ind1=" " ind2=" ">
    <subfield code="a">BPMSU</subfield>
    <subfield code="b">spa</subfield>
    <subfield code="c">BPMSU</subfield>
  </datafield>
  <datafield tag="082" ind1=" " ind2="4">
    <subfield code="a">372.21</subfield>
    <subfield code="b">T525t</subfield>
  </datafield>
  <datafield tag="100" ind1=" " ind2=" ">
    <subfield code="4">Mesa Plazas, &#xC1;lvaro.</subfield>
  </datafield>
  <datafield tag="245" ind1="1" ind2="0">
    <subfield code="a">T&#xE9;cnicas de la motivaci&#xF3;n infantil / </subfield>
    <subfield code="c">&#xC1;lvaro Mesa Plas ; ilustradora Olga Acu&#xF1;a Rodr&#xED;guez.</subfield>
  </datafield>
  <datafield tag="260" ind1=" " ind2=" ">
    <subfield code="a">Bogot&#xE1;, Colombia : </subfield>
    <subfield code="b">Ediciones Gamma, </subfield>
    <subfield code="c">2003.</subfield>
  </datafield>
  <datafield tag="300" ind1=" " ind2=" ">
    <subfield code="a">3 v. : </subfield>
    <subfield code="b">il. ; </subfield>
    <subfield code="c">28 cm. + </subfield>
    <subfield code="e">2 CD-Rom.</subfield>
  </datafield>
  <datafield tag="505" ind1=" " ind2=" ">
    <subfield code="g">v.1: </subfield>
    <subfield code="t">0 a 2 a&#xF1;os. --</subfield>
    <subfield code="g"> v.2 : </subfield>
    <subfield code="t">2 a 12 a&#xF1;os. --</subfield>
    <subfield code="g"> v.3 : </subfield>
    <subfield code="t">Talleres para padres y maestros. -- </subfield>
    <subfield code="t">CD-Rom interactivo.</subfield>
  </datafield>
  <datafield tag="650" ind1=" " ind2=" ">
    <subfield code="2">EDUCACI&#xD3;N DE NI&#xD1;OS</subfield>
  </datafield>
  <datafield tag="650" ind1=" " ind2=" ">
    <subfield code="2">DESARROLLO INFANTIL</subfield>
  </datafield>
  <datafield tag="650" ind1=" " ind2=" ">
    <subfield code="2">EDUCACI&#xD3;N PREESCOLAR	</subfield>
  </datafield>
  <datafield tag="650" ind1=" " ind2=" ">
    <subfield code="a">M&#xC9;TODOS DE ENSE&#xD1;ANZA</subfield>
  </datafield>
  <datafield tag="650" ind1=" " ind2=" ">
    <subfield code="2">MOTIVACI&#xD3;N EN EDUCACI&#xD3;N</subfield>
  </datafield>
  <datafield tag="700" ind1=" " ind2=" ">
    <subfield code="a">Rosario Cu&#xE9;lar, Olga</subfield>
    <subfield code="e">il. </subfield>
  </datafield>
  <datafield tag="910" ind1=" " ind2=" ">
    <subfield code="a">Validado. Control de calidad MFF</subfield>
  </datafield>
  <datafield tag="942" ind1=" " ind2=" ">
    <subfield code="2">ddc</subfield>
    <subfield code="c">BK</subfield>
  </datafield>
  <datafield tag="945" ind1=" " ind2=" ">
    <subfield code="a">Inventariado, 2018/ YL</subfield>
  </datafield>
  <datafield tag="952" ind1=" " ind2=" ">
    <subfield code="0">0</subfield>
    <subfield code="1">0</subfield>
    <subfield code="2">ddc</subfield>
    <subfield code="4">0</subfield>
    <subfield code="7">0</subfield>
    <subfield code="8">CG</subfield>
    <subfield code="a">BPMET</subfield>
    <subfield code="b">BPMET</subfield>
    <subfield code="d">2015-09-28</subfield>
    <subfield code="e">Compra</subfield>
    <subfield code="g">1120.00</subfield>
    <subfield code="l">0</subfield>
    <subfield code="o">372.21     T525t</subfield>
    <subfield code="p">BPMSU15090179</subfield>
    <subfield code="r">2015-09-28</subfield>
    <subfield code="t">v. 1</subfield>
    <subfield code="w">2015-09-28</subfield>
    <subfield code="y">BK</subfield>
  </datafield>
  <datafield tag="952" ind1=" " ind2=" ">
    <subfield code="0">0</subfield>
    <subfield code="1">0</subfield>
    <subfield code="2">ddc</subfield>
    <subfield code="4">0</subfield>
    <subfield code="7">0</subfield>
    <subfield code="8">CG</subfield>
    <subfield code="a">BPMET</subfield>
    <subfield code="b">BPMET</subfield>
    <subfield code="d">2015-09-29</subfield>
    <subfield code="e">Compra</subfield>
    <subfield code="g">1120.00</subfield>
    <subfield code="l">0</subfield>
    <subfield code="o">372.21     T525t</subfield>
    <subfield code="p">BPMSU15090180</subfield>
    <subfield code="r">2015-09-29</subfield>
    <subfield code="t">v. 1, ej. 2</subfield>
    <subfield code="w">2015-09-29</subfield>
    <subfield code="y">BK</subfield>
  </datafield>
  <datafield tag="952" ind1=" " ind2=" ">
    <subfield code="0">0</subfield>
    <subfield code="1">0</subfield>
    <subfield code="2">ddc</subfield>
    <subfield code="4">0</subfield>
    <subfield code="7">0</subfield>
    <subfield code="8">CG</subfield>
    <subfield code="a">BPMET</subfield>
    <subfield code="b">BPMET</subfield>
    <subfield code="d">2015-09-29</subfield>
    <subfield code="e">Compra</subfield>
    <subfield code="g">1120.00</subfield>
    <subfield code="l">0</subfield>
    <subfield code="o">372.21     T525t</subfield>
    <subfield code="p">BPMSU15090181</subfield>
    <subfield code="r">2015-09-29</subfield>
    <subfield code="t">v. 1, ej. 3</subfield>
    <subfield code="w">2015-09-29</subfield>
    <subfield code="y">BK</subfield>
  </datafield>
  <datafield tag="952" ind1=" " ind2=" ">
    <subfield code="0">0</subfield>
    <subfield code="1">0</subfield>
    <subfield code="2">ddc</subfield>
    <subfield code="4">0</subfield>
    <subfield code="7">0</subfield>
    <subfield code="8">CG</subfield>
    <subfield code="a">BPMET</subfield>
    <subfield code="b">BPMET</subfield>
    <subfield code="d">2015-09-29</subfield>
    <subfield code="e">Compra</subfield>
    <subfield code="g">1120.00</subfield>
    <subfield code="l">0</subfield>
    <subfield code="o">372.21     T525t</subfield>
    <subfield code="p">BPMSU15090182</subfield>
    <subfield code="r">2015-09-29</subfield>
    <subfield code="t">V. 2</subfield>
    <subfield code="w">2015-09-29</subfield>
    <subfield code="y">BK</subfield>
  </datafield>
  <datafield tag="952" ind1=" " ind2=" ">
    <subfield code="0">0</subfield>
    <subfield code="1">0</subfield>
    <subfield code="2">ddc</subfield>
    <subfield code="4">0</subfield>
    <subfield code="7">0</subfield>
    <subfield code="8">CG</subfield>
    <subfield code="a">BPMET</subfield>
    <subfield code="b">BPMET</subfield>
    <subfield code="d">2015-09-29</subfield>
    <subfield code="e">Compra</subfield>
    <subfield code="g">1120.00</subfield>
    <subfield code="l">0</subfield>
    <subfield code="o">372.21     T525t</subfield>
    <subfield code="p">BPMSU15090183</subfield>
    <subfield code="r">2015-09-29</subfield>
    <subfield code="t">v. 2, ej.2</subfield>
    <subfield code="w">2015-09-29</subfield>
    <subfield code="y">BK</subfield>
  </datafield>
  <datafield tag="952" ind1=" " ind2=" ">
    <subfield code="0">0</subfield>
    <subfield code="1">0</subfield>
    <subfield code="2">ddc</subfield>
    <subfield code="4">0</subfield>
    <subfield code="7">0</subfield>
    <subfield code="8">CG</subfield>
    <subfield code="a">BPMET</subfield>
    <subfield code="b">BPMET</subfield>
    <subfield code="d">2015-09-29</subfield>
    <subfield code="e">Compra</subfield>
    <subfield code="g">1120.00</subfield>
    <subfield code="l">0</subfield>
    <subfield code="o">372.21     T525t</subfield>
    <subfield code="p">BPMSU15090184</subfield>
    <subfield code="r">2015-09-29</subfield>
    <subfield code="t">v. 2, ej. 3</subfield>
    <subfield code="w">2015-09-29</subfield>
    <subfield code="y">BK</subfield>
  </datafield>
  <datafield tag="952" ind1=" " ind2=" ">
    <subfield code="0">0</subfield>
    <subfield code="1">0</subfield>
    <subfield code="2">ddc</subfield>
    <subfield code="4">0</subfield>
    <subfield code="7">0</subfield>
    <subfield code="8">CG</subfield>
    <subfield code="a">BPMET</subfield>
    <subfield code="b">BPMET</subfield>
    <subfield code="d">2015-09-29</subfield>
    <subfield code="e">Compra</subfield>
    <subfield code="g">1120.00</subfield>
    <subfield code="l">0</subfield>
    <subfield code="o">372.21     T525t</subfield>
    <subfield code="p">BPMSU15090185</subfield>
    <subfield code="r">2015-09-29</subfield>
    <subfield code="t">v. 3</subfield>
    <subfield code="w">2015-09-29</subfield>
    <subfield code="y">BK</subfield>
  </datafield>
  <datafield tag="952" ind1=" " ind2=" ">
    <subfield code="0">0</subfield>
    <subfield code="1">0</subfield>
    <subfield code="2">ddc</subfield>
    <subfield code="4">0</subfield>
    <subfield code="7">0</subfield>
    <subfield code="8">CG</subfield>
    <subfield code="a">BPMET</subfield>
    <subfield code="b">BPMET</subfield>
    <subfield code="d">2015-09-29</subfield>
    <subfield code="e">Compra</subfield>
    <subfield code="g">1120.00</subfield>
    <subfield code="l">0</subfield>
    <subfield code="o">372.21     T525t</subfield>
    <subfield code="p">BPMSU15090187</subfield>
    <subfield code="r">2015-09-29</subfield>
    <subfield code="t">v. 3, ej. 2</subfield>
    <subfield code="w">2015-09-29</subfield>
    <subfield code="y">BK</subfield>
  </datafield>
  <datafield tag="952" ind1=" " ind2=" ">
    <subfield code="0">0</subfield>
    <subfield code="1">0</subfield>
    <subfield code="2">ddc</subfield>
    <subfield code="4">0</subfield>
    <subfield code="7">0</subfield>
    <subfield code="8">CG</subfield>
    <subfield code="a">BPMET</subfield>
    <subfield code="b">BPMET</subfield>
    <subfield code="d">2015-09-29</subfield>
    <subfield code="e">Compra</subfield>
    <subfield code="g">1120.00</subfield>
    <subfield code="l">0</subfield>
    <subfield code="o">372.21     T525t</subfield>
    <subfield code="p">BPMSU15090188</subfield>
    <subfield code="r">2015-09-29</subfield>
    <subfield code="t">v. 3, ej. 3</subfield>
    <subfield code="w">2015-09-29</subfield>
    <subfield code="y">BK</subfield>
  </datafield>
  <datafield tag="956" ind1=" " ind2=" ">
    <subfield code="2">VMATEO</subfield>
    <subfield code="3">10</subfield>
    <subfield code="6">20150928</subfield>
    <subfield code="8">BPMSU</subfield>
    <subfield code="a">00151</subfield>
  </datafield>
  <datafield tag="999" ind1=" " ind2=" ">
    <subfield code="c">8297</subfield>
    <subfield code="d">8297</subfield>
  </datafield>
</record>
